| 000 | 00378nam a2200133Ia 4500 | ||
|---|---|---|---|
| 005 | 20260328104312.0 | ||
| 008 | 260328s9999||||xx |||||||||||||| ||und|| | ||
| 100 | _aNorman, Booth | ||
| 245 | 0 |
_aResidential Landscape Architecture : _b Design process for the private residence / _cBooth Norman |
|
| 260 | _bPearson | ||
| 300 | _a553 p. | ||
| 650 | _aESPACIO PUBLICO | ||
| 942 | _cBK | ||
| 999 |
_c10993 _d10993 |
||